|
|
|
|
| LEADER |
00930cam a2200253 7i4500 |
| 001 |
0000003369 |
| 005 |
20170218090000.0 |
| 020 |
|
|
|a 9780132622882
|
| 020 |
|
|
|a 0132622882 (hbk.)
|
| 090 |
0 |
0 |
|a HF5635
|b .K77 1998
|
| 100 |
1 |
|
|a Kaplan, Robert S
|
| 245 |
1 |
0 |
|a Advanced management accounting
|c Robert S. Kaplan, Anthony A. Atkinson.
|
| 250 |
|
|
|a 3rd ed.
|
| 260 |
|
|
|a Upper Saddle River, N.J.:
|b Prentice Hall,
|c 1998.
|
| 300 |
|
|
|a xviii, 798 p.:
|b ill.;
|c 24 cm.
|
| 490 |
0 |
|
|a The Robert S. Kaplan series in management accounting
|
| 504 |
|
|
|a Includes bibliographical references and index
|
| 650 |
0 |
0 |
|a Managerial accounting
|
| 700 |
1 |
|
|a Atkinson, Anthony A
|
| 997 |
|
|
|a Business & Accountancy, Faculty
|
| 998 |
|
|
|a Accountancy, Degree
|
| 999 |
|
|
|a 0000004290
|b BOK
|c OPEN SHELF
|e 1st Floor, Shah Alam
|
| 999 |
|
|
|a 0000005161
|b BOK
|c OPEN SHELF
|e 1st Floor, Shah Alam
|
| 999 |
|
|
|a 0000021832
|b BOK
|c OPEN SHELF
|e 1st Floor, Shah Alam
|